Central Library OPAC University of Rajshahi

Applied business communication / (Record no. 53042)

MARC details
000 -LEADER
fixed length control field 00837nam a2200265 a 4500
001 - CONTROL NUMBER
control field 53042
003 - CONTROL NUMBER IDENTIFIER
rucl marc code BD-RjUL
005 - DATE AND TIME OF LATEST TRANSACTION
control field 20211209075911.0
008 - FIXED-LENGTH DATA ELEMENTS--GENERAL INFORMATION
fixed length control field 161002s1982 enka b 001 0 eng
020 ## - INTERNATIONAL STANDARD BOOK NUMBER
International Standard Book Number 0882841254 :
Terms of availability $15.95
035 ## - SYSTEM CONTROL NUMBER
System control number (BD-RjUL)53162
040 ## - CATALOGING SOURCE
Original cataloging agency DLC
Transcribing agency DLC
Modifying agency DLC
Language of cataloging eng
041 ## - LANGUAGE CODE
Language code of text/sound track or separate title eng
082 00 - DEWEY DECIMAL CLASSIFICATION NUMBER
Classification number 651.74
Edition number 23
Author mark and year FEA 1982
100 1# - MAIN ENTRY--PERSONAL NAME
Personal name Feinberg, Lilian.
9 (RLIN) 158538
245 10 - TITLE STATEMENT
Title Applied business communication /
Statement of responsibility, etc. Lilian O. Feinberg ; assisted by Mary C. Thompson.
260 ## - PUBLICATION, DISTRIBUTION, ETC. (IMPRINT)
Place of publication, distribution, etc. Sherman Oaks, Calif. :
Name of publisher, distributor, etc. Alfred Pub. Co.,
Date of publication, distribution, etc. c1982.
300 ## - PHYSICAL DESCRIPTION
Pagination xix, 585 p. :
Illustrations ill. ;
Size 25 cm.
504 ## - BIBLIOGRAPHY, ETC. NOTE
Bibliography, etc Includes bibliographies and index.
650 #0 - SUBJECT ADDED ENTRY--TOPICAL TERM
Topical term or geographic name as entry element Comercial correspondence
9 (RLIN) 158539
Topical term or geographic name as entry element business report writing
9 (RLIN) 159060
700 1# - ADDED ENTRY--PERSONAL NAME
Personal name Thompson, Mary C.
942 ## - ADDED ENTRY ELEMENTS (KOHA)
Source of classification or shelving scheme Dewey Decimal Classification
Koha item type Books
Holdings
Lost status Source of classification or shelving scheme Damaged status Not for loan Collection code Permanent Location Current Location Shelving location Date acquired Source of acquisition Total Checkouts Full call number Date last seen Copy number Koha item type
  Dewey Decimal Classification     Non-fiction Central Library, University of Rajshahi Central Library, University of Rajshahi   20/09/1997 Asia foundation   651.74 FEA 1982 02/10/2016 C-2 Books